000 00773nam a2200241Ia 4500
008 130821s2011 xxuao gr eng
020 _a9780736090377
040 _aCo-BoUCM
_bspa
041 0 0 _aeng
060 _aQT 255
100 1 _aPage, Phil
_d1967-
_9167587
245 1 0 _aStrength band training
_cPhil Page, Todd Ellenbecker
250 _a2nd. ed.
260 _aChampaign (Illinois, Estados Unidos)
_bHuman Kinetics
_c2011
300 _axvi, 213páginas
_bilustraciones, cuadros, fotografías
650 0 4 _aBandas de caucho
_99935
650 0 4 _aDeportes
_9388
650 0 4 _aEjercicio
_913933
650 0 4 _aEstado físico
_915022
650 0 4 _aFuerza muscular
_916171
700 1 _aEllenbecker, Todd
_9168163
942 _cLIBRO
_a15
_e2
_mP132s
_2NLM
_hQT 255
_n0
999 _c72173
_d72173